| 000 -LEADER |
| fixed length control field |
00887cam a22002774a 4500 |
| 001 - CONTROL NUMBER |
| control field |
13268980 |
| 005 - DATE AND TIME OF LATEST TRANSACTION |
| control field |
20180130073003.0 |
| 008 - FIXED-LENGTH DATA ELEMENTS--GENERAL INFORMATION |
| fixed length control field |
030710s2004 nyua b 001 0 eng |
| 010 ## - LIBRARY OF CONGRESS CONTROL NUMBER |
| LC control number |
2003059256 |
| 020 ## - INTERNATIONAL STANDARD BOOK NUMBER |
| International Standard Book Number |
0071375538 (pbk.) |
| 035 ## - SYSTEM CONTROL NUMBER |
| System control number |
(DNLM)101184659 |
| 040 ## - CATALOGING SOURCE |
| Original cataloging agency |
DNLM/DLC |
| Transcribing agency |
DLC |
| Modifying agency |
DLC |
| 041 ## - LANGUAGE CODE |
| Language code of text/sound track or separate title |
eng |
| 042 ## - AUTHENTICATION CODE |
| Authentication code |
pcc |
| 060 10 - NATIONAL LIBRARY OF MEDICINE CALL NUMBER |
| Classification number |
WW 525 |
| Item number |
E53 2004 |
| 080 ## - UNIVERSAL DECIMAL CLASSIFICATION NUMBER |
| Universal Decimal Classification number |
616.02502461775 HEI |
| 082 00 - DEWEY DECIMAL CLASSIFICATION NUMBER |
| Classification number |
616.02502461775 HEI |
| Edition number |
22 |
| 100 1# - Rafti |
| Rafti |
8 |
| 101 ## - Shkurtesa |
| Shkurtesa |
OFT |
| 245 10 - TITLE STATEMENT |
| Title |
Emergency care in the optometric setting / |
| Statement of responsibility, etc |
Michael H. Heiberger, Richard J. Madonna, Leon Nehmad. |
| 504 ## - BIBLIOGRAPHY, ETC. NOTE |
| Bibliography, etc |
Includes bibliographical references (p. 267-269) and index. |
| 906 ## - LOCAL DATA ELEMENT F, LDF (RLIN) |
| a |
7 |
| b |
cbc |
| c |
orignew |
| d |
1 |
| e |
ocip |
| f |
20 |
| g |
y-gencatlg |
| 942 ## - ADDED ENTRY ELEMENTS (KOHA) |
| Source of classification or shelving scheme |
|
| Item type |
Books |